书目信息 |
| 题名: |
地球谜题的神秘面纱
|
|
| 作者: | 韩德复 编著 | |
| 分册: | ||
| 出版信息: | 北京 现代出版社 2021.3 |
|
| 页数: | 153页 | |
| 开本: | 23cm | |
| 丛书名: | 宇宙科学密码 | |
| 单 册: | ||
| 中图分类: | P183 | |
| 科图分类: | ||
| 主题词: | 地球--普及读物 | |
| 电子资源: | ||
| ISBN: | 978-7-5143-2646-8 | |
| 000 | 01017nam2 2200289 45 | |
| 001 | 012001002425 | |
| 005 | 20140914095822.0 | |
| 010 | @a978-7-5143-2646-8@dCNY29.80 | |
| 100 | @a20161012d2014 em y0chiy50 ea | |
| 101 | 0 | @achi |
| 102 | @aCN@b110000 | |
| 105 | @aa z 000yy | |
| 106 | @ar | |
| 200 | 1 | @a地球谜题的神秘面纱@Adi qiu mi ti de shen mi mian sha@b专著@e地球秘密通报@f韩德复编著 |
| 210 | @a北京@c现代出版社@d2021.3 | |
| 215 | @a153页@c图@d23cm | |
| 225 | 2 | @a宇宙科学密码 |
| 300 | @a其他题名:地球秘密通报 | |
| 330 | @a地球是我们人类赖以生存的摇篮,但地球上的许多现象令我们费解,百慕大的灾难、通古斯的爆炸、撒哈拉的绿洲,以及那许多神奇的现象,使我们对熟悉的地球感到陌生,我们须漫游地球,重新认识地球,解剖地球。 | |
| 410 | 0 | @12001 @a宇宙科学密码 |
| 461 | 0 | @12001 @a宇宙科学密码 |
| 517 | 1 | @a地球秘密通报@Adi qiu mi mi tong bao |
| 606 | 0 | @a地球@j普及读物 |
| 690 | @aP183@v5 | |
| 701 | 0 | @a韩德复@Ahan de fu@4编著 |
| 801 | 0 | @aCN@bBJSDL@c20211011 |
| 905 | @b1339676-9@dP183@e375@f4 | |
| 地球谜题的神秘面纱:地球秘密通报/韩德复编著.-北京:现代出版社,2021.3 |
| 153页:图;23cm.-(宇宙科学密码) |
| 其他题名:地球秘密通报 |
| ISBN 978-7-5143-2646-8:CNY29.80 |
| 地球是我们人类赖以生存的摇篮,但地球上的许多现象令我们费解,百慕大的灾难、通古斯的爆炸、撒哈拉的绿洲,以及那许多神奇的现象,使我们对熟悉的地球感到陌生,我们须漫游地球,重新认识地球,解剖地球。 |
| ● |
| 相关链接 |
|
|
|
|
正题名:地球谜题的神秘面纱
索取号:P183/375
 
预约/预借
| 序号 | 登录号 | 条形码 | 馆藏地/架位号 | 状态 | 备注 |
| 1 | 1339676 | 213396760 | 第二样本阅览室/ [索取号:P183/375] | 在馆 | |
| 2 | 1339677 | 213396779 | 第三借阅区/ [索取号:P183/375] | 在馆 | |
| 3 | 1339678 | 213396788 | 第三借阅区/ [索取号:P183/375] | 在馆 | |
| 4 | 1339679 | 213396797 | 第三借阅区/ [索取号:P183/375] | 在馆 |